The Contemporary Cinema / With thirty-two plates (Record no. 3986)
[ view plain ]
| 000 -LEADER | |
|---|---|
| fixed length control field | 01141cam a22001934a 4500 |
| 005 - ΗΜΕΡΟΜΗΝΙΑ ΚΑΙ ΩΡΑ ΤΕΛΕΥΤΑΙΑΣ ΕΝΗΜΕΡΩΣΗΣ | |
| Πεδίο ελέγχου | 20250605164131.0 |
| 008 - FIXED-LENGTH DATA ELEMENTS--GENERAL INFORMATION | |
| Πεδίο ελέγχου σταθερού μήκους | 250528s ||||||||||||||||||||||||d |
| 035 ## - SYSTEM CONTROL NUMBER | |
| System control number | 18639 |
| 040 ## - ΠΗΓΗ ΚΑΤΑΛΟΓΟΓΡΑΦΗΣΗΣ | |
| Φορέας πρωτότυπης καταλογογράφησης | MC Athens Campus Library |
| Γλώσσα καταλογογράφησης | Ελληνικά, Μοντέρνα (1453-) |
| Modifying agency | MC Athens Campus Library |
| Κανόνες περιγραφικής καταλογογράφησης | AACR2 |
| 245 1# - ΤΙΤΛΟΣ ΚΑΙ ΔΗΛΩΣΗ ΥΠΕΥΘΥΝΟΤΗΤΑΣ | |
| Τίτλος | The Contemporary Cinema / With thirty-two plates |
| 260 ## - PUBLICATION, DISTRIBUTION, ETC. | |
| Name of publisher, distributor, etc. | Penguin Books, |
| Date of publication, distribution, etc. | 1963 |
| 300 ## - PHYSICAL DESCRIPTION | |
| Extent | 224 |
| 505 0# - FORMATTED CONTENTS NOTE | |
| Formatted contents note | Preface, Introductory, The Italian Experience, Which Picture Made the Money, The Nervous Years, Production Values, Taken From the French, The Free French, Room at the Top, Thought Control. The Major Industries, The Movie-Makers, Looking for an Audience, Towards a New Cinema, Check-List of Films and Directors, Selected Book List, Index. |
| 520 ## - SUMMARY, ETC. | |
| Summary, etc. | Preface, Introductory, The Italian Experience, Which Picture Made the Money, The Nervous Years, Production Values, Taken From the French, The Free French, Room at the Top, Thought Control. The Major Industries, The Movie-Makers, Looking for an Audience, Towards a New Cinema, Check-List of Films and Directors, Selected Book List, Index. |
| 700 1# - ΠΡΟΣΘΕΤΗ ΑΝΑΓΡΑΦΗ--ΦΥΣΙΚΟ ΠΡΟΣΩΠΟ | |
| Personal name | Houston Penelope |
| 9 (RLIN) | 4903 |
| 942 ## - ADDED ENTRY ELEMENTS (KOHA) | |
| Koha item type | Books |
| Τύπος τεκμηρίου | Βιβλιοθήκη | Τρέχουσα τοποθεσία | Barcode | Αριθμός εισαγωγής | Ημερομηνία απόκτησης | Ταξιθετικό σύμβολο | Αριθμός αντιτύπου | Κατάσταση απόσυρσης | Κατάσταση χαμένου | Κατάσταση κατεστραμμένου | Μη δανεισμός | Σύνολο δανεισμών | Ημερομηνία τελευταίας εμφάνισης | Η τιμή ισχύει από |
|---|---|---|---|---|---|---|---|---|---|---|---|---|---|---|
| Books | MC Athens Campus Library | MC Athens Campus Library | 9780000039859 | 3544 | 05/06/2025 | 791.4309 HOU | 1 | 05/06/2025 | 05/06/2025 |